Statistiques concernant Films commençant par J par images

Cliquez ici pour prendre le quiz!

Statistiques générales

  • Ce quiz a été pris 551 fois
  • Le résultat moyen est 8 sur 24

Statistiques - réponses

Réponse% Correct
Joker
99%
Jurassic Park
94%
Jumanji
67%
Jeanne d'Arc
61%
John Wick
59%
Je suis une légende
56%
J'accuse
38%
Jappeloup
32%
Jeux d'enfants
31%
Jackie
30%
Juno
29%
Jojo Rabbit
28%
Le Jouet
28%
Je verrai toujours vos visages
17%
Jean de Florette
16%
Je vous trouve très beau
13%
J. Edgar
12%
Juste la fin du monde
12%
Je vais bien ne t'en fais pas
9%
Joséphine
9%
J'irai où tu iras
8%
Jane Eyre
6%
Jusqu'à la garde
6%
J'ai tué ma mère
4%

Distribution des résultats

Percentile par nombre de réponses

% des personnes avec chaque résultat

Votre développement - résultats

Vous n’avez pas pris ce quiz